Mecánica Vectorial para Ingenieros Estatica / Ferdinand P. Beer, Johnston E. Russell (Registro nro. 19303)

Detalles MARC
000 -LÍDER
fixed length control field 00597nam a2200181 4500
008 - ELEMENTOS DE LONGITUD FIJA -- INFORMACIÓN GENERAL
fixed length control field 01990 1995 0a 000 0MEX
020 ## - NÚMERO INTERNACIONAL NORMALIZADO PARA LIBROS
ISBN 968-422-564-4
050 ## - SIGNATURA TOPOGRAFICA DE LA BIBLIOTECA DEL CONGRESO (LC)
Número de Clasificación TA350 B415-B4418
082 ## - NUMERO DE CLASIFICACION DECIMAL DEWEY
Número de Clasificación 620.103 B149m
100 ## - ASIENTO PRINCIPAL--NOMBRE PERSONAL
Nombre personal Beer, Ferdinand P.
245 ## - TÍTULO
Título Mecánica Vectorial para Ingenieros Estatica / Ferdinand P. Beer, Johnston E. Russell
250 ## - MENCIÓN DE EDICIÓN
Mención de edición 5a
260 ## - PUBLICACIÓN, DISTRIBUCIÓN, ETC. (PIE DE IMPRENTA)
Lugar de publicación, distribución, etc. México : Mcgraw-Hill
300 ## - DESCRIPCIÓN FÍSICA
Extensión xviii, 472p. / 25 cm.
500 ## - NOTA GENERAL
Nota general Incluye ap‚ndice.
650 ## - ASIENTO SECUNDARIO DE MATERIA - TERMINO TEMÁTICO
Término temático o nombre geográfico como elemento de entrada 1. ESTATICA \ 2. MECANICA APLICADA \ 3. ANALISIS VECTORIAL
700 ## - ASIENTO SECUNDARIO - NOMBRE PERSONAL
Nombre personal I.Russell, Johnston E., coaut.
Existencias
No. biblioteca No. biblioteca Número de clasificación Código de barras/Número de adquisición Número de copia Tipo de material
LUIS G. INCLAN LUIS G. INCLAN 620.103 B149m 31459 23 Libros
LUIS G. INCLAN LUIS G. INCLAN 620.103 B149m 27572 55 Libros
LUIS G. INCLAN LUIS G. INCLAN 620.103 B149m 27165 49 Libros
LUIS G. INCLAN LUIS G. INCLAN 620.103 B149m 27179 50 Libros
LUIS G. INCLAN LUIS G. INCLAN 620.103 B149m 27181 51 Libros
LUIS G. INCLAN LUIS G. INCLAN 620.103 B149m 27183 52 Libros
LUIS G. INCLAN LUIS G. INCLAN 620.103 B149m 15402 25 Libros
LUIS G. INCLAN LUIS G. INCLAN 620.103 B149m 15403 26 Libros
Calzada Tecnológico # 27, Zacatepec, Morelos.
01(734) 343-07-23 / 343-21-10 / 343-21-11
Apdo. Postal 45 C.P 62780